• 首页
  • 本馆介绍
  • 公告通知
  • 最新文献
  • 馆藏检索
  • 电子资源
  • 读者导购
  • 参考咨询
  • 我的图书馆
  • 登录
  • 详细信息显示
  • 放入我的书架
  • 预约/预借图书
  • 作者相关作品
  • 分类相关作品
  • 丛书相关作品
  • 出版社相关作品

书目信息

  • 表格格式
  • 工作单格式
  • 卡片格式
书名: Colonial Latin America
作者: Mark A. Burkholder, Lyman L. Johnson
分册号:
分册名:
出版地: New York :
 
出版社: Oxford University Press
出版时间: 1994.
页数: 360 p. :
开本: 24 cm.
丛书名:
中图分类号:
科图分类号:
其他分类号: K730.4
主题词:
电子资源:
000 01317nam 2200361 a 4500
001 E0731038109
003 OCoLC
005 20070424084108.64
008 001 0 eng
008 uu
008 001994
010    @a00036739
015    @aGBA1-12159
020    @a0-19-508089-0.
040    @aDLC @cDLC @dVVC @dUKM
042    @apcc
043    @acl-----
049    @aN5LA
050 00 @aF1412 @b.B96 2001
082 00 @a980/.013 @221
090    @aK730.4
099    @dK730.4@ex4=2
100 1  @aBurkholder, Mark A., @d1943-
245 10 @aColonial Latin America / @cMark A. Burkholder, Lyman L. Johnson
250    @a2nd ed.
260    @aNew York :@bOxford University Press,@c1994.
300    @a360 p. :@bill., maps ;@c24 cm.
504    @aIncludes bibliographical references and index.
505 0  @aIberia and America before the conquest -- The age of conquest -- Ruling new world empires -- Population and labor -- Production, exchange, and defense -- Living in an empire -- Imperial expansion -- Crisis and collapse.
651  4 @aLatin America @xHistory @yTo 1830.
651  0 @aLatin America @xHistory @yTo 1830.
700 1  @aJohnson, Lyman L., @ejt. auth. @b00 @c20020930 @lNLC09 @h2256 @lNLC09 @h0053 @lNLC09 @h2051
852 9  @bWWJC @cJ09 @k2-2002 @hK730.4 @iB959/2001
    
    Colonial Latin America / / Mark A. Burkholder, Lyman L. Johnson.-2nd ed.-New York : : Oxford University Press, , 1994.
    360 p. : : ill., maps ; ; 24 cm.
    Includes bibliographical references and index.-Iberia and America before the conquest -- The age of conquest -- Ruling new world empires -- Population and labor -- Production, exchange, and defense -- Living in an empire -- Imperial expansion -- Crisis and collapse.
    
    ISBN 0-19-508089-0.
    
●
相关链接 在E读中查询图书 在五车中查询图书 在当当中查询图书 在豆瓣中查询图书


正题名:Colonial Latin America     索取号:K730.4/x4=2         预约/预借

序号 登录号 条形码 馆藏地/架位号 状态 备注
1 4600   300046000   第二样本阅览室/ [索取号:K730.4/x4=2] 在馆    
2 4601   300046019   密集书库/ [索取号:K730.4/x4=2] 在馆    
3 4602   300046028   密集书库/ [索取号:K730.4/x4=2] 在馆    
4 4603   300046037   第四借阅区/ [索取号:K730.4/x4=2] 在馆    
5 4604   300046046   密集书库/ [索取号:K730.4/x4=2] 在馆    
6 4605   300046055   密集书库/ [索取号:K730.4/x4=2] 在馆    
7 4606   300046064   第四借阅区/ [索取号:K730.4/x4=2] 在馆    
8 4607   300046073   密集书库/ [索取号:K730.4/x4=2] 在馆    
9 4608   300046082   密集书库/ [索取号:K730.4/x4=2] 在馆    
10 4609   300046091   密集书库/ [索取号:K730.4/x4=2] 在馆    
11 4610   300046108   密集书库/ [索取号:K730.4/x4=2] 在馆    
唐山师范学院图书馆 欢迎您!
大连网信软件有限公司© 版权所有